00316nam a2200109Ia 4500008004100000082000800041100001200049245002900061942000600090952009500096999001500191240331s9999 xx 000 0 und d bJEY aJeya, M 0aKanavukal illadchiyankal cL 001040708LaWERCLbWERCLcSSCd2024-03-31l0o 809 JEYp4986r2024-03-31w2024-03-31yL c3713d3713